[Event "Skakligaen 2004-05"]
[Site "Denmark"]
[Date "2004.11.07"]
[Round "2.5"]
[White "Berg, Klaus"]
[Black "Lindfeldt, Jan Magnus"]
[Result "1-0"]
[WhiteElo "2418"]
[BlackElo "2290"]
[PlyCount "79"]
[EventDate "2004.11.06"]
[EventType "team"]
[EventRounds "7"]
[EventCountry "DEN"]
[SourceDate "2004.11.06"]
[WhiteTeam "Helsinge"]
[BlackTeam "SK68"]
[WhiteTeamCountry "DEN"]
[BlackTeamCountry "DEN"]

1. d4 g6 2. e4 Bg7 3. Nc3 d6 4. Be3 a6 5. Qd2 b5 6. a4 b4 7. Nd1 a5 8. c3 Nf6
9. f3 O-O 10. cxb4 axb4 11. Qxb4 e5 12. d5 c6 13. dxc6 Nxc6 14. Qb6 Nd4 15.
Qxd8 Rxd8 16. Bxd4 exd4 17. Ne2 Nd7 18. Nf4 Nb6 19. Bb5 Bd7 20. Bxd7 Rxd7 21.
a5 d5 22. Nf2 dxe4 23. fxe4 Nc4 24. N2d3 Rxa5 25. O-O Rxa1 26. Rxa1 h6 27. b4
Re7 28. Nc5 Nd6 29. Re1 Be5 30. Nfd3 Bg7 31. Kf2 Kh7 32. g3 Ra7 33. e5 Nc4 34.
e6 Ne3 35. b5 fxe6 36. b6 Rf7+ 37. Ke2 Bf8 38. b7 Bd6 39. Ra1 e5 40. Ra8 1-0

[Event "Skakligaen 2004-05"]
[Site "Denmark"]
[Date "2004.11.07"]
[Round "2.6"]
[White "Bank, Pelle Rodkjaer"]
[Black "Bekker Jensen, Simon"]
[Result "1-0"]
[WhiteElo "2269"]
[BlackElo "2405"]
[PlyCount "45"]
[EventDate "2004.11.06"]
[EventType "team"]
[EventRounds "7"]
[EventCountry "DEN"]
[SourceDate "2004.11.06"]
[WhiteTeam "SK68"]
[BlackTeam "Helsinge"]
[WhiteTeamCountry "DEN"]
[BlackTeamCountry "DEN"]

1. e4 c5 2. d3 g6 3. g3 Bg7 4. Bg2 d6 5. f4 e5 6. Nf3 Ne7 7. O-O O-O 8. Na3
Nbc6 9. c3 b6 10. f5 gxf5 11. Nh4 fxe4 12. dxe4 Be6 13. Nf5 Qd7 14. Nxg7 Kxg7
15. Qh5 Ng8 16. Rf6 Kh8 17. Bg5 Bg4 18. Qh4 h5 19. h3 Nxf6 20. Bxf6+ Kh7 21.
Rf1 Rg8 22. Rf5 Rg6 23. hxg4 1-0

[Event "Skakligaen 2004-05"]
[Site "Denmark"]
[Date "2004.11.07"]
[Round "2.7"]
[White "Bekker Jensen, David"]
[Black "Sobjerg, Erik"]
[Result "1-0"]
[WhiteElo "2275"]
[BlackElo "2294"]
[PlyCount "83"]
[EventDate "2004.11.06"]
[EventType "team"]
[EventRounds "7"]
[EventCountry "DEN"]
[SourceDate "2004.11.06"]
[WhiteTeam "Helsinge"]
[BlackTeam "SK68"]
[WhiteTeamCountry "DEN"]
[BlackTeamCountry "DEN"]

1. d4 e6 2. c4 f5 3. g3 Nf6 4. Bg2 Bb4+ 5. Nd2 a5 6. Nh3 Nc6 7. a3 Bxd2+ 8.
Qxd2 a4 9. Qd1 Qe7 10. Nf4 O-O 11. O-O Nd8 12. Bd2 d6 13. Rc1 Bd7 14. c5 g5 15.
cxd6 cxd6 16. Nd3 Ne4 17. Rc7 Rc8 18. Rxc8 Bxc8 19. Be3 Bd7 20. f3 Nf6 21. Bxg5
Qg7 22. Qd2 Nf7 23. Be3 e5 24. dxe5 dxe5 25. Nc5 Bc8 26. Nxa4 f4 27. gxf4 e4
28. Kh1 Rd8 29. Qc3 Qg6 30. Nb6 Bf5 31. Bd4 Nh5 32. fxe4 Bxe4 33. Rg1 Ng5 34.
Qc4+ Rd5 35. Qxd5+ Bxd5 36. Bxd5+ Kf8 37. Bc5+ Ke8 38. Rxg5 Qb1+ 39. Rg1 Ng3+
40. hxg3 Qf5 41. Kg2 Qc2 42. Bc4 1-0

[Event "Skakligaen 2004-05"]
[Site "Denmark"]
[Date "2004.11.07"]
[Round "2.8"]
[White "Christensen, Thomas K"]
[Black "Lauridsen, Jesper Morch"]
[Result "1/2-1/2"]
[WhiteElo "2269"]
[BlackElo "2260"]
[PlyCount "65"]
[EventDate "2004.11.06"]
[EventType "team"]
[EventRounds "7"]
[EventCountry "DEN"]
[SourceDate "2004.11.06"]
[WhiteTeam "SK68"]
[BlackTeam "Helsinge"]
[WhiteTeamCountry "DEN"]
[BlackTeamCountry "DEN"]

1. d4 d5 2. Nf3 e6 3. Bf4 Bd6 4. e3 Bxf4 5. exf4 Qd6 6. Qd2 Nf6 7. c3 c5 8. Na3
a6 9. Nc2 Bd7 10. dxc5 Qxc5 11. Ncd4 Nc6 12. Bd3 Rc8 13. O-O O-O 14. Rfe1 Nxd4
15. Nxd4 Rfe8 16. Qe3 g6 17. Qe5 Nh5 18. g4 f6 19. Qe3 Ng7 20. Qg3 Qc7 21. Nf3
Kf7 22. h4 Rg8 23. Kh2 Rce8 24. h5 Nf5 25. Bxf5 gxf5 26. g5 h6 27. g6+ Kg7 28.
Re2 Re7 29. Rae1 Bc8 30. Qh4 b6 31. Re3 Bb7 32. Nd4 Bc8 33. Nf3 1/2-1/2

[Event "Skakligaen 2004-05"]
[Site "Denmark"]
[Date "2004.11.07"]
[Round "2.1"]
[White "Hansen, Sune Berg"]
[Black "Pedersen, Christian Kyndel"]
[Result "1-0"]
[WhiteElo "2558"]
[BlackElo "2381"]
[PlyCount "95"]
[EventDate "2004.11.06"]
[EventType "team"]
[EventRounds "7"]
[EventCountry "DEN"]
[SourceDate "2004.11.06"]
[WhiteTeam "Helsingor"]
[BlackTeam "Nordre"]
[WhiteTeamCountry "DEN"]
[BlackTeamCountry "DEN"]

1. e4 c6 2. d4 d5 3. exd5 cxd5 4. c4 Nf6 5. Nc3 e6 6. Nf3 Be7 7. cxd5 Nxd5 8.
Bd3 Nc6 9. O-O O-O 10. Re1 Bf6 11. a3 Nce7 12. Bc2 b6 13. Qd3 g6 14. Ne4 Bg7
15. Bg5 Bb7 16. Rad1 Rc8 17. Bb3 h6 18. Bh4 Nf4 19. Qd2 g5 20. Bg3 Neg6 21. h4
Bd5 22. Bxd5 exd5 23. Nc3 f6 24. Bxf4 Nxf4 25. g3 Qd7 26. Re3 Ng6 27. hxg5 hxg5
28. Qd3 Kf7 29. Rde1 Rc6 30. Qb5 Rd6 31. Nh2 Rh8 32. Qf1 Qf5 33. Qg2 Bf8 34.
Nb5 Rd7 35. Rf3 Qh3 36. Qxh3 Rxh3 37. Ng4 Be7 38. Ne5+ Nxe5 39. dxe5 Kg7 40. e6
Rb7 41. Rd3 a6 42. Nc3 Rh8 43. Nxd5 Rd8 44. g4 Bd6 45. Ne3 Be7 46. Nf5+ Kf8 47.
Rh3 Kg8 48. Kg2 1-0

[Event "Skakligaen 2004-05"]
[Site "Denmark"]
[Date "2004.11.07"]
[Round "2.2"]
[White "Christensen, Jan Schleicher"]
[Black "Aagaard, Jacob"]
[Result "1/2-1/2"]
[WhiteElo "2249"]
[BlackElo "2459"]
[PlyCount "28"]
[EventDate "2004.11.06"]
[EventType "team"]
[EventRounds "7"]
[EventCountry "DEN"]
[SourceDate "2004.11.06"]
[WhiteTeam "Nordre"]
[BlackTeam "Helsingor"]
[WhiteTeamCountry "DEN"]
[BlackTeamCountry "DEN"]

1. d4 Nf6 2. Nf3 e6 3. e3 c5 4. Bd3 b6 5. O-O Bb7 6. c4 Be7 7. Nc3 h6 8. b3 O-O
9. Bb2 d6 10. Bc2 Nbd7 11. d5 exd5 12. cxd5 Ba6 13. Re1 Re8 14. a4 Ne5 1/2-1/2

[Event "Skakligaen 2004-05"]
[Site "Denmark"]
[Date "2004.11.07"]
[Round "2.3"]
[White "Holmsgaard, Henrik"]
[Black "Petersen, Tom Petri"]
[Result "1-0"]
[WhiteElo "2319"]
[BlackElo "2228"]
[PlyCount "65"]
[EventDate "2004.11.06"]
[EventType "team"]
[EventRounds "7"]
[EventCountry "DEN"]
[SourceDate "2004.11.06"]
[WhiteTeam "Helsingor"]
[BlackTeam "Nordre"]
[WhiteTeamCountry "DEN"]
[BlackTeamCountry "DEN"]

1. e4 g6 2. d4 Bg7 3. Nc3 Nc6 4. Be3 d5 5. Bb5 a6 6. Bxc6+ bxc6 7. Nge2 dxe4 8.
Nxe4 Nf6 9. Nxf6+ Bxf6 10. Ng3 c5 11. Qf3 Bd7 12. Ne4 Bxd4 13. Nxc5 Bxc5 14.
Bxc5 O-O 15. O-O-O Qe8 16. Qa3 f6 17. Rhe1 Rf7 18. Bxe7 Qc8 19. Qc3 Rb8 20.
Bxf6 Rb6 21. Bd4 Rc6 22. Qg3 Bf5 23. Bc3 h5 24. Qg5 Rxc3 25. bxc3 Kg7 26. Re7
Qb7 27. Rde1 Qc6 28. Rxf7+ Kxf7 29. Qe7+ Kg8 30. Qd8+ Kg7 31. Re7+ Kh6 32. h4
Qf6 33. Rh7+ 1-0

[Event "Skakligaen 2004-05"]
[Site "Denmark"]
[Date "2004.11.07"]
[Round "2.4"]
[White "Nielsen, Poul Erik"]
[Black "Larsen, Ole Bogh"]
[Result "1/2-1/2"]
[WhiteElo "2211"]
[BlackElo "2235"]
[PlyCount "88"]
[EventDate "2004.11.06"]
[EventType "team"]
[EventRounds "7"]
[EventCountry "DEN"]
[SourceDate "2004.11.06"]
[WhiteTeam "Nordre"]
[BlackTeam "Helsingor"]
[WhiteTeamCountry "DEN"]
[BlackTeamCountry "DEN"]

1. c4 e6 2. g3 f5 3. Bg2 Nf6 4. Nf3 Be7 5. O-O O-O 6. d3 d6 7. Nc3 Nc6 8. Rb1
a5 9. a3 Ng4 10. b4 axb4 11. axb4 Qe8 12. b5 Nce5 13. Nxe5 Nxe5 14. e3 Bf6 15.
Bb2 g5 16. f4 Ng4 17. Qe2 Qg6 18. h3 Nh6 19. Kh2 Rf7 20. Ra1 Rb8 21. Bf3 Qg7
22. Nd1 c6 23. Bxf6 Qxf6 24. Qb2 Qxb2+ 25. Nxb2 g4 26. hxg4 fxg4 27. Bg2 Nf5
28. Rfe1 Rf6 29. Be4 cxb5 30. cxb5 Bd7 31. b6 Rh6+ 32. Kg2 d5 33. Bxf5 exf5 34.
d4 Rxb6 35. Nd3 Rb3 36. Nc5 Rb2+ 37. Kg1 Bc6 38. Reb1 Rxb1+ 39. Rxb1 Ra8 40.
Rb3 Ra1+ 41. Kf2 Ra2+ 42. Kf1 Ra1+ 43. Kf2 Ra2+ 44. Kf1 Ra1+ 1/2-1/2

[Event "Skakligaen 2004-05"]
[Site "Denmark"]
[Date "2004.11.07"]
[Round "2.5"]
[White "Jorgensen, Michael"]
[Black "Hoiberg, Nina"]
[Result "1/2-1/2"]
[WhiteElo "2192"]
[BlackElo "2180"]
[PlyCount "60"]
[EventDate "2004.11.06"]
[EventType "team"]
[EventRounds "7"]
[EventCountry "DEN"]
[SourceDate "2004.11.06"]
[WhiteTeam "Helsingor"]
[BlackTeam "Nordre"]
[WhiteTeamCountry "DEN"]
[BlackTeamCountry "DEN"]

1. d4 c5 2. d5 e5 3. e4 d6 4. h3 Nf6 5. Nc3 g6 6. Nf3 Bg7 7. Bg5 h6 8. Be3 Qa5
9. Nd2 O-O 10. Nc4 Qd8 11. Bd3 Ne8 12. Qd2 Kh7 13. g4 b6 14. a4 Na6 15. O-O-O
Nb4 16. f4 exf4 17. Bxf4 Ba6 18. Rhe1 Bxc4 19. Bxc4 a6 20. e5 b5 21. Bf1 bxa4
22. Nxa4 Qa5 23. b3 Nc7 24. Bc4 Nb5 25. c3 Nxc3 26. Nxc3 Qa1+ 27. Nb1 dxe5 28.
Bg3 Na2+ 29. Kc2 Nb4+ 30. Kc1 Na2+ 1/2-1/2

[Event "Skakligaen 2004-05"]
[Site "Denmark"]
[Date "2004.11.07"]
[Round "2.6"]
[White "Pedersen, Karl"]
[Black "Nielsen, Nicholas Roland"]
[Result "1-0"]
[WhiteElo "2239"]
[BlackElo "2195"]
[PlyCount "141"]
[EventDate "2004.11.06"]
[EventType "team"]
[EventRounds "7"]
[EventCountry "DEN"]
[SourceDate "2004.11.06"]
[WhiteTeam "Nordre"]
[BlackTeam "Helsingor"]
[WhiteTeamCountry "DEN"]
[BlackTeamCountry "DEN"]

1. e4 c5 2. Nc3 Nc6 3. g3 g6 4. Bg2 Bg7 5. d3 d6 6. Be3 e6 7. Qd2 Rb8 8. f4
Nge7 9. Nf3 Nd4 10. O-O O-O 11. Nd1 Nxf3+ 12. Bxf3 Nc6 13. c3 Qa5 14. g4 f5 15.
gxf5 exf5 16. Nf2 Be6 17. Bg2 Rbd8 18. Nh3 h6 19. Qf2 Qc7 20. Qg3 Qf7 21. Kh1
b6 22. exf5 Qxf5 23. Nf2 Ne7 24. Rg1 Qf7 25. Be4 Bd5 26. Rae1 Bxe4+ 27. dxe4 d5
28. e5 Nf5 29. Qxg6 Nxe3 30. Rxe3 Qxg6 31. Rxg6 Rxf4 32. Reg3 Rd7 33. Ng4 Kh7
34. e6 Re7 35. Ne3 Rf6 36. Nxd5 Rxg6 37. Rxg6 Re8 38. Nf6+ Kxg6 39. Nxe8 Be5
40. Kg2 Kf5 41. e7 Ke6 42. Nf6 Kxe7 43. Ng8+ Ke6 44. Nxh6 b5 45. Ng4 Bh8 46.
Kf3 b4 47. cxb4 Bxb2 48. bxc5 Kd5 49. Nf2 Bd4 50. Ne4 a5 51. h4 a4 52. h5 Bg7
53. Kf4 a3 54. Kf5 Bf8 55. Ng5 Bxc5 56. h6 Bf8 57. h7 Bg7 58. Kg6 Bh8 59. Kf7
Kc4 60. Ne6 Kc3 61. Kg8 Kb2 62. Kxh8 Kxa2 63. Kg8 Kb1 64. h8=Q a2 65. Qh7+ Kb2
66. Qg7+ Kb1 67. Qg1+ Kb2 68. Qd4+ Kb1 69. Qb4+ Ka1 70. Qc3+ Kb1 71. Nd4 1-0

[Event "Skakligaen 2004-05"]
[Site "Denmark"]
[Date "2004.11.07"]
[Round "2.7"]
[White "Vinther Juul, Kristian"]
[Black "Danstrup, Niels"]
[Result "1-0"]
[WhiteElo "2084"]
[BlackElo "2129"]
[PlyCount "77"]
[EventDate "2004.11.06"]
[EventType "team"]
[EventRounds "7"]
[EventCountry "DEN"]
[SourceDate "2004.11.06"]
[WhiteTeam "Helsingor"]
[BlackTeam "Nordre"]
[WhiteTeamCountry "DEN"]
[BlackTeamCountry "DEN"]

1. e4 d6 2. d4 Nf6 3. Nc3 g6 4. Be3 c6 5. f3 b5 6. Qd2 Nbd7 7. Bd3 e5 8. Nge2
a6 9. dxe5 dxe5 10. O-O Bg7 11. Bh6 O-O 12. Bxg7 Kxg7 13. a4 b4 14. Nd1 a5 15.
Ne3 Nb6 16. Rfd1 Be6 17. c3 c5 18. cxb4 cxb4 19. Qe1 Qe7 20. Ng3 Kh8 21. Bb5
Rfd8 22. Ngf1 Rxd1 23. Rxd1 Rd8 24. Rxd8+ Qxd8 25. Qc1 Qd4 26. h3 Nh5 27. Kh2
Nf4 28. Qc7 b3 29. Qe7 Kg7 30. Ng4 Bxg4 31. hxg4 Qxb2 32. Ne3 Qd4 33. Be8 Qb4
34. Qxf7+ Kh6 35. g5+ Kxg5 36. Ng4 Qd6 37. Qxh7 Qf8 38. g3 Nh5 39. Qxg6# 1-0

[Event "Skakligaen 2004-05"]
[Site "Denmark"]
[Date "2004.11.07"]
[Round "2.8"]
[White "Hansen, Per"]
[Black "Dalsberg, Sandra de Blecourt"]
[Result "0-1"]
[WhiteElo "2158"]
[BlackElo "2066"]
[PlyCount "50"]
[EventDate "2004.11.06"]
[EventType "team"]
[EventRounds "7"]
[EventCountry "DEN"]
[SourceDate "2004.11.06"]
[WhiteTeam "Nordre"]
[BlackTeam "Helsingor"]
[WhiteTeamCountry "DEN"]
[BlackTeamCountry "DEN"]

1. d4 d5 2. c4 e6 3. Nc3 Nf6 4. cxd5 exd5 5. Bg5 c6 6. Qc2 Na6 7. a3 Nc7 8. e3
Ne6 9. Bh4 Be7 10. Bd3 g6 11. Nf3 O-O 12. h3 Ng7 13. g4 Re8 14. Ne5 Nd7 15.
Bxe7 Qxe7 16. Nf3 Qf6 17. Be2 Nb6 18. Ne5 Qh4 19. Rg1 Be6 20. Bd3 f6 21. Nf3
Qxh3 22. Be2 Bxg4 23. Ng5 Bf5 24. e4 fxg5 25. exf5 Qxf5 0-1

[Event "Skakligaen 2004-05"]
[Site "Denmark"]
[Date "2004.11.07"]
[Round "2.1"]
[White "Nilssen, John Arni"]
[Black "Rasmussen, Karsten"]
[Result "1-0"]
[WhiteElo "2403"]
[BlackElo "2458"]
[PlyCount "65"]
[EventDate "2004.11.06"]
[EventType "team"]
[EventRounds "7"]
[EventCountry "DEN"]
[SourceDate "2004.11.06"]
[WhiteTeam "Foroyar"]
[BlackTeam "Skolerne"]
[WhiteTeamCountry "DEN"]
[BlackTeamCountry "DEN"]

1. d4 Nf6 2. c4 e6 3. Nc3 c5 4. d5 exd5 5. cxd5 Bd6 6. Nf3 Bc7 7. Bg5 d6 8. Nd2
a6 9. a4 O-O 10. e4 Nbd7 11. Be2 Re8 12. O-O Rb8 13. f4 Qe7 14. e5 dxe5 15. Nc4
Qf8 16. d6 Bd8 17. fxe5 b5 18. axb5 axb5 19. exf6 bxc4 20. Bxc4 gxf6 21. Bf4
Rxb2 22. Rf3 Kh8 23. Rg3 Ne5 24. d7 Nxd7 25. Qc1 Rb4 26. Bh6 Qd6 27. Bxf7 Qxg3
28. hxg3 Re7 29. Nd5 Rxf7 30. Nxb4 Bb7 31. Qc4 Kg8 32. Nd3 Bb6 33. Re1 1-0

[Event "Skakligaen 2004-05"]
[Site "Denmark"]
[Date "2004.11.07"]
[Round "2.3"]
[White "Naes, Flovin Tor"]
[Black "Pedersen, Finn"]
[Result "1-0"]
[WhiteElo "2303"]
[BlackElo "2375"]
[PlyCount "80"]
[EventDate "2004.11.06"]
[EventType "team"]
[EventRounds "7"]
[EventCountry "DEN"]
[SourceDate "2004.11.06"]
[WhiteTeam "Foroyar"]
[BlackTeam "Skolerne"]
[WhiteTeamCountry "DEN"]
[BlackTeamCountry "DEN"]

1. d4 d5 2. c4 c6 3. cxd5 cxd5 4. Nc3 Nf6 5. Nf3 e6 6. Bf4 Nc6 7. e3 a6 8. Bd3
Be7 9. O-O Nh5 10. Rc1 Nxf4 11. exf4 O-O 12. Re1 Bf6 13. Ne5 Nxd4 14. Bxh7+
Kxh7 15. Qxd4 Bd7 16. Re3 Bxe5 17. fxe5 Rh8 18. Ne2 Bb5 19. Qf4 Kg8 20. Rf3 Qe7
21. Nd4 Rh4 22. g4 g5 23. Qd2 Rxg4+ 24. Rg3 Rxg3+ 25. hxg3 Kg7 26. Kg2 Rh8 27.
Qa5 Rd8 28. Rc7 Rd7 29. Rc8 Bd3 30. Nb3 d4 31. Nc5 Rd5 32. Rc7 Qe8 33. Qd2 Rxe5
34. Nxd3 Rf5 35. Qb4 e5 36. Qc5 Qe6 37. Rc8 Kf6 38. Rd8 e4 39. Qxd4+ Ke7 40.
Nc5 Rxc5 1-0

[Event "Skakligaen 2004-05"]
[Site "Denmark"]
[Date "2004.11.07"]
[Round "2.5"]
[White "Samuelsen, Carl Eli"]
[Black "Christensen, Tobias"]
[Result "1-0"]
[WhiteElo "2195"]
[BlackElo "2349"]
[PlyCount "93"]
[EventDate "2004.11.06"]
[EventType "team"]
[EventRounds "7"]
[EventCountry "DEN"]
[SourceDate "2004.11.06"]
[WhiteTeam "Foroyar"]
[BlackTeam "Skolerne"]
[WhiteTeamCountry "DEN"]
[BlackTeamCountry "DEN"]

1. e4 c5 2. Nf3 e6 3. d4 d5 4. exd5 exd5 5. Bb5+ Nc6 6. O-O Nf6 7. Re1+ Be6 8.
c4 Be7 9. Ne5 Rc8 10. cxd5 Qxd5 11. Nc3 Qxd4 12. Qf3 Bd5 13. Qf5 Be6 14. Qf3
Nd5 15. Bg5 Bxg5 16. Re4 O-O 17. Bxc6 bxc6 18. Rxd4 cxd4 19. Ne4 Be7 20. Rc1 c5
21. Nc4 Rfd8 22. Qa3 f5 23. Ned2 Rc7 24. Re1 Bf7 25. Qa5 Rdc8 26. Nf3 Bf8 27.
Ng5 Nb4 28. Nxf7 Rxf7 29. Ne5 Rfc7 30. Qb5 Bd6 31. Nc4 Bf8 32. a3 Nd5 33. Qb3
Kh8 34. Ne5 c4 35. Qf3 Ne7 36. Rc1 g6 37. Qe2 c3 38. bxc3 Rxc3 39. Rd1 Bg7 40.
g3 Rc1 41. Rxc1 Rxc1+ 42. Kg2 Rc7 43. Nf7+ Kg8 44. Qe6 a5 45. Nd6+ Kh8 46. Ne8
Rb7 47. Qf7 1-0

[Event "Skakligaen 2004-05"]
[Site "Denmark"]
[Date "2004.11.07"]
[Round "2.7"]
[White "Petersen, Terji"]
[Black "Rewitz, Poul"]
[Result "1-0"]
[WhiteElo "2022"]
[BlackElo "2250"]
[PlyCount "81"]
[EventDate "2004.11.06"]
[EventType "team"]
[EventRounds "7"]
[EventCountry "DEN"]
[SourceDate "2004.11.06"]
[WhiteTeam "Foroyar"]
[BlackTeam "Skolerne"]
[WhiteTeamCountry "DEN"]
[BlackTeamCountry "DEN"]

1. d4 g6 2. c4 Bg7 3. Nc3 d6 4. Nf3 Nd7 5. e4 e5 6. Be2 Ne7 7. O-O O-O 8. d5 a5
9. a3 f5 10. exf5 gxf5 11. Bg5 Nf6 12. Qd2 Ng6 13. b4 Rf7 14. Rfd1 Qf8 15. Nh4
Nh8 16. Qc2 f4 17. Bd3 h6 18. Bxf6 Bxf6 19. Nf3 Rg7 20. Nd2 Bh3 21. Be4 Bh4 22.
Qd3 Bg4 23. Rdb1 Nf7 24. Nf3 Bd8 25. bxa5 Ng5 26. Nxg5 hxg5 27. Rxb7 Bc8 28.
Rb2 Ba6 29. h3 g4 30. Bf5 g3 31. f3 c6 32. dxc6 Bxa5 33. Be6+ Kh8 34. Ne4 Qe7
35. Bd7 Qd8 36. Rab1 Bc8 37. Rb8 Rxb8 38. Rxb8 Rxd7 39. cxd7 Qxd7 40. Qxd6 Qa7+
41. c5 1-0

[Event "Skakligaen 2004-05"]
[Site "Denmark"]
[Date "2004.11.07"]
[Round "2.2"]
[White "Sorensen, Jan"]
[Black "Olsen, Heini"]
[Result "1-0"]
[WhiteElo "2412"]
[BlackElo "2359"]
[PlyCount "97"]
[EventDate "2004.11.06"]
[EventType "team"]
[EventRounds "7"]
[EventCountry "DEN"]
[SourceDate "2004.11.06"]
[WhiteTeam "Skolerne"]
[BlackTeam "Foroyar"]
[WhiteTeamCountry "DEN"]
[BlackTeamCountry "DEN"]

1. e4 e5 2. Bc4 Nf6 3. d3 Nc6 4. Nc3 Bb4 5. Nf3 d5 6. exd5 Nxd5 7. O-O Bxc3 8.
bxc3 Bg4 9. Bd2 O-O 10. h3 Bh5 11. Re1 Qd6 12. g4 Bg6 13. Nh4 Nb6 14. Bb3 Na5
15. f4 exf4 16. Qf3 Nxb3 17. axb3 Nd5 18. c4 Qb6+ 19. Kg2 Nb4 20. Bxb4 Qxb4 21.
Qxf4 Qc3 22. Qf2 a5 23. Nf3 f5 24. Qd2 Qxd2+ 25. Nxd2 fxg4 26. hxg4 h5 27. gxh5
Bxh5 28. Re5 Rfe8 29. Rxh5 Re2+ 30. Kf3 Rxd2 31. Raxa5 Rf8+ 32. Ke3 Rxc2 33.
Ra7 Re8+ 34. Kd4 Rd8+ 35. Rd5 Rxd5+ 36. Kxd5 b5 37. Kd4 bxc4 38. bxc4 g5 39.
Rxc7 g4 40. Rc5 Kf7 41. Rg5 Rg2 42. Ke5 Rg3 43. d4 Rc3 44. c5 g3 45. Kd6 Kf6
46. Rg8 Kf5 47. c6 Ke4 48. c7 Kxd4 49. Rg4+ 1-0

[Event "Skakligaen 2004-05"]
[Site "Denmark"]
[Date "2004.11.07"]
[Round "2.4"]
[White "Ochsner, Thomas"]
[Black "Poulsen, Martin"]
[Result "0-1"]
[WhiteElo "2366"]
[BlackElo "2062"]
[PlyCount "72"]
[EventDate "2004.11.06"]
[EventType "team"]
[EventRounds "7"]
[EventCountry "DEN"]
[SourceDate "2004.11.06"]
[WhiteTeam "Skolerne"]
[BlackTeam "Foroyar"]
[WhiteTeamCountry "DEN"]
[BlackTeamCountry "DEN"]

1. e4 e5 2. Nf3 Qe7 3. Bc4 d6 4. Nc3 c6 5. O-O Bg4 6. h3 Bh5 7. g4 Bg6 8. d4
Nf6 9. Re1 Qc7 10. Nh4 Nbd7 11. Nf5 Bxf5 12. exf5 h6 13. f4 Be7 14. Qe2 d5 15.
dxe5 dxc4 16. exf6 Nxf6 17. b3 Qd6 18. Rd1 Qb4 19. Qxc4 Qb6+ 20. Kg2 O-O 21.
Rd3 Nd5 22. Nxd5 cxd5 23. Qxd5 Bf6 24. Be3 Qa6 25. Rf1 Qxa2 26. Rf2 Rac8 27. c4
Qb1 28. Rfd2 Rcd8 29. Qxd8 Rxd8 30. Rxd8+ Bxd8 31. Rxd8+ Kh7 32. Rd7 Qxb3 33.
Bd4 Qxc4 34. Kg3 a5 35. g5 Qd3+ 36. Kg4 hxg5 0-1

[Event "Skakligaen 2004-05"]
[Site "Denmark"]
[Date "2004.11.07"]
[Round "2.6"]
[White "Jacobsen, Bo"]
[Black "Danielsen, Heini"]
[Result "1-0"]
[WhiteElo "2254"]
[BlackElo "2149"]
[PlyCount "66"]
[EventDate "2004.11.06"]
[EventType "team"]
[EventRounds "7"]
[EventCountry "DEN"]
[SourceDate "2004.11.06"]
[WhiteTeam "Skolerne"]
[BlackTeam "Foroyar"]
[WhiteTeamCountry "DEN"]
[BlackTeamCountry "DEN"]

1. g3 g6 2. Bg2 Bg7 3. e4 c5 4. Nc3 Nc6 5. d3 d6 6. f4 e6 7. Nh3 Nge7 8. O-O
O-O 9. g4 f5 10. gxf5 exf5 11. Be3 Rb8 12. a4 a6 13. Qd2 b5 14. axb5 axb5 15.
Bf2 Nd4 16. Bh4 Qc7 17. Rae1 Bf6 18. Bxf6 Rxf6 19. Ng5 h6 20. Nf3 Nxf3+ 21.
Rxf3 c4 22. e5 Qb6+ 23. d4 Rf7 24. Rfe3 dxe5 25. Rxe5 Qd6 26. Nxb5 Qd7 27. Na3
Nc6 28. Rd5 Qc7 29. Nxc4 Ba6 30. Rc5 Rf6 31. Ne5 Bb7 32. d5 Qd6 33. b4 Nd8 1-0

[Event "Skakligaen 2004-05"]
[Site "Denmark"]
[Date "2004.11.07"]
[Round "2.8"]
[White "Baekgaard, Martin"]
[Black "Hansen, Poul Martin"]
[Result "1-0"]
[WhiteElo "2175"]
[BlackElo "1848"]
[PlyCount "71"]
[EventDate "2004.11.06"]
[EventType "team"]
[EventRounds "7"]
[EventCountry "DEN"]
[SourceDate "2004.11.06"]
[WhiteTeam "Skolerne"]
[BlackTeam "Foroyar"]
[WhiteTeamCountry "DEN"]
[BlackTeamCountry "DEN"]

1. d4 d5 2. c4 c6 3. Nf3 Nf6 4. Nc3 Bf5 5. Qb3 Qb6 6. c5 Qc7 7. Bf4 Qc8 8. h3
Nbd7 9. e3 e6 10. Nh4 Bg6 11. Nxg6 hxg6 12. Be2 Be7 13. Qc2 b6 14. cxb6 axb6
15. O-O O-O 16. Rfc1 Qb7 17. e4 Rfc8 18. Bf3 Bb4 19. exd5 Nxd5 20. Bg3 N7f6 21.
Qb3 Bf8 22. a3 Qa6 23. Rc2 Nxc3 24. Rxc3 Nd5 25. Rc2 Qa4 26. Qxa4 Rxa4 27. Rac1
c5 28. dxc5 bxc5 29. Rd1 Nf6 30. Bb7 Raa8 31. Bxc8 Rxc8 32. b4 c4 33. Rdc1 Be7
34. Rxc4 Ra8 35. Rc8+ Rxc8 36. Rxc8+ 1-0

[Event "Skakligaen 2004-05"]
[Site "Denmark"]
[Date "2004.12.05"]
[Round "3.1"]
[White "Schandorff, Lars"]
[Black "Hoi, Carsten"]
[Result "1/2-1/2"]
[WhiteElo "2520"]
[BlackElo "2375"]
[PlyCount "42"]
[EventDate "2004.11.06"]
[EventType "team"]
[EventRounds "7"]
[EventCountry "DEN"]
[SourceDate "2004.11.06"]
[WhiteTeam "Helsinge"]
[BlackTeam "Bronshoj"]
[WhiteTeamCountry "DEN"]
[BlackTeamCountry "DEN"]

1. d4 Nf6 2. c4 g6 3. Nf3 Bg7 4. g3 O-O 5. Bg2 d6 6. Nc3 Nc6 7. O-O e5 8. d5
Ne7 9. e4 Ne8 10. Ne1 f5 11. Nd3 c6 12. Bg5 Nf6 13. Qd2 cxd5 14. cxd5 Nxe4 15.
Nxe4 fxe4 16. Bxe4 Bh3 17. Rfe1 Qd7 18. f4 Bf5 19. fxe5 Bxe4 20. Rxe4 dxe5 21.
Nxe5 Qxd5 1/2-1/2

[Event "Skakligaen 2004-05"]
[Site "Denmark"]
[Date "2004.12.05"]
[Round "3.2"]
[White "Bromann, Thorbjorn"]
[Black "Hutters, Tomas"]
[Result "1/2-1/2"]
[WhiteElo "2339"]
[BlackElo "2446"]
[PlyCount "33"]
[EventDate "2004.11.06"]
[EventType "team"]
[EventRounds "7"]
[EventCountry "DEN"]
[SourceDate "2004.11.06"]
[WhiteTeam "Bronshoj"]
[BlackTeam "Helsinge"]
[WhiteTeamCountry "DEN"]
[BlackTeamCountry "DEN"]

1. d4 e6 2. e4 c5 3. c3 d5 4. e5 Nc6 5. Be3 Nge7 6. Qd2 Qa5 7. Nf3 Nf5 8. Bd3
cxd4 9. cxd4 Nxe3 10. fxe3 Qxd2+ 11. Nbxd2 Be7 12. Rc1 Bd7 13. a3 a5 14. e4 f6
15. Nb3 fxe5 16. dxe5 O-O 17. Nc5 1/2-1/2

[Event "Skakligaen 2004-05"]
[Site "Denmark"]
[Date "2004.12.05"]
[Round "3.3"]
[White "Pedersen, Steffen"]
[Black "Carstensen, Jacob"]
[Result "1/2-1/2"]
[WhiteElo "2434"]
[BlackElo "2290"]
[PlyCount "33"]
[EventDate "2004.11.06"]
[EventType "team"]
[EventRounds "7"]
[EventCountry "DEN"]
[SourceDate "2004.11.06"]
[WhiteTeam "Helsinge"]
[BlackTeam "Bronshoj"]
[WhiteTeamCountry "DEN"]
[BlackTeamCountry "DEN"]

1. d4 Nf6 2. c4 e6 3. Nf3 d5 4. Nc3 Be7 5. Bg5 O-O 6. e3 Nbd7 7. Rc1 Re8 8. Bd3
dxc4 9. Bxc4 a6 10. Bb3 c5 11. O-O cxd4 12. exd4 b5 13. d5 Nc5 14. Ne5 Nxb3 15.
Qxb3 Nxd5 16. Nc6 Qd7 17. Nxe7+ 1/2-1/2